00571nam a22001697a 450000500170000001000260001702000260004303500230006903700130009208200110010524501080011626000360022427000700026030000240033070000200035470000270037420230608153237.0 aENG-112518 ENG-137107 a9789381904473c680.00 aEN-96050 EN-120639 bDBAD/PUB a327.5800aThe state in Eurasia :cedited by Anita Sengupta [and] Suchandana Chatterjeeblocal and global arenas / aNew DelhibKW Publishers c2013 a4676/21, First Floor, Ansari Road, Daryaganj, bNew Delhie110002 axvi,283p.c24cm(Hb) aSengupta, Anita aChatterjee, Suchandana